| 000 | 01447nam0a22003251 4500 | ||
|---|---|---|---|
| 001 | v19\rc\1946076 | ||
| 005 | 20251118180858.1 | ||
| 035 | _a(NLR Aleph) 005031651 | ||
| 090 |
_a6697626 _c6697626 |
||
| 100 | _a20080428e19131913|||y0rusy50 ca | ||
| 101 | 0 | _arus | |
| 102 | _aRU | ||
| 105 | _ay z ||||| | ||
| 200 | 1 |
_aК вопросу о серодиагностике беременности по способу Abderhalden'a _e(Докл., чит. на 12 Съезде О-ва рус. врачей в память Н.И. Пирогова) _f[Соч.] Д-ра Н. Горизонтова _gИз Казан. акушер.-гинекол. клиники проф. В.С. Груздева |
|
| 210 |
_a[Казань] _cТипо-лит. Имп. Казан. ун-та _d1913 |
||
| 215 |
_a22 с. _d24 |
||
| 309 | _aБез тит. л. и обл. | ||
| 311 | _aОтт. из "Казан. мед. журн." Т. 13, 1913 г. | ||
| 320 | _aБиблиогр.: с. 20-21 | ||
| 488 | 0 | _12001#$aКазанский медицинский журнал$v1913, т. 13 | |
| 700 | 1 |
_aГоризонтов _bН. И. _f1879-1949 _gНиколай Иванович |
|
| 702 | 1 |
_aГруздев _bВ. С. _f1866-1938 _gВиктор Сергеевич _4570 |
|
| 801 | 0 |
_aRU _bNLR _gpsbo |
|
| 801 | 0 |
_aRU _bRuMoRGB _2psbo |
|
| 801 | 1 |
_aRU _bProSoft-M _2rusmarc |
|
| 852 |
_aNLR _j18.231.8.119 |
||
| 899 |
_aRuMoRGB _jV 113/450 |
||
| 899 | _aБАН | ||
| 942 | _cBOOK | ||
| 980 | _aNB | ||